Qual è il più cercato su Google? - Statistics

Statistiche generali
  • Questo quiz è stato fatto 90 volte
  • Il punteggio medio è 4 su 10
Statistiche sulle risposte
Domanda Risposta % Corretto
Qual è il più cercato? Burger King
65%
Qual è il più cercato? Pizza
65%
Qual è il più cercato? Roma
59%
Qual è il più cercato? Louis Vuitton
57%
Qual è il più cercato? Zendaya
39%
Qual è il più cercato? Football Club Internazionale Milano
28%
Qual è il più cercato? BMW
27%
Qual è il più cercato? Brad Pitt
23%
Qual è il più cercato? Facebook
14%
Qual è il più cercato? Jovanotti
14%
Nessun quiz corrispondente trovato
Distribuzione punteggi
Percentuale di utenti per punteggio
Percentile per numero di risposta
I tuoi punteggi nel tempo
Non hai fatto questo quiz